000 006220000a22002170004500
001 2237
003 CO-MdFUSB
005 20170515162541.0
008 170515b xxu||||| |||| 00| 0 eng d
020 _a978-84-236-7767-2
040 _cCO-MdBIC
082 0 4 _a863C D456m
100 1 _aRoca, Nuria
245 1 0 _aEl miedo, del más miedoso al más valiente
250 _aSegunda edición
260 _aEspaña : Edebé
300 _a36p/24x24cm
500 _aA partir de los tres años
505 0 0 _aLos sentimientos -- La familia -- Tu cuerpo -- Niños y niñas del mundo -- El miedo -- Tus amigos
942 _cLGB
999 _c49383
_d49383